Перспективные сырьевые источники для производства на СХК конверсионной продукции на основе УДП; Материалы 6-й научно-технической конференции Сибирского химического комбината, Северск, 17-20 октября 2000 г.; Ч. 1

Библиографические подробности
Источник:Материалы 6-й научно-технической конференции Сибирского химического комбината, Северск, 17-20 октября 2000 г.: в 3 ч./ Сибирский химический комбинат.— , 2001
Ч. 1.— 2001.— С. 142-148
Другие авторы: Дедов Н. В., Кириллов Е. А., Соловьёв А. И., Рихванов Л. П. Леонид Петрович
Язык:русский
Опубликовано: 2001
Предметы:
Формат: Статья
Запись в KOHA:https://koha.lib.tpu.ru/cgi-bin/koha/opac-detail.pl?biblionumber=78383

MARC

LEADER 00000naa2a2200000 4500
001 78383
005 20231031093827.0
035 |a (RuTPU)RU\TPU\book\84006 
090 |a 78383 
100 |a 20050620d2001 k y0rusy50 ca 
101 0 |a rus 
102 |a RU 
200 1 |a Перспективные сырьевые источники для производства на СХК конверсионной продукции на основе УДП  |f Н. В. Дедов [и др.] 
461 1 |0 (RuTPU)RU\TPU\book\208466  |t Материалы 6-й научно-технической конференции Сибирского химического комбината, Северск, 17-20 октября 2000 г.  |o в 3 ч.  |f Сибирский химический комбинат  |d 2001 
463 0 |0 (RuTPU)RU\TPU\book\27071  |y 5-93915-007-1  |t Ч. 1  |v С. 142-148  |d 2001  |p 262 с. 
610 1 |a ультрадисперсные порошки 
610 1 |a керамика 
610 1 |a оксидные композиции 
610 1 |a оксиды алюминия 
610 1 |a железо 
610 1 |a цирконий 
610 1 |a титан 
610 1 |a труды учёных ТПУ 
701 1 |a Дедов  |b Н. В. 
701 1 |a Кириллов  |b Е. А. 
701 1 |a Соловьёв  |b А. И. 
701 1 |a Рихванов  |b Л. П.  |c российский ученый, геолог  |c профессор Томского политехнического университета, доктор геолого-минералогических наук  |c заслуженный геолог РФ  |c почетный работник высшего образования РФ  |f 1945-  |g Леонид Петрович  |2 stltpush  |3 (RuTPU)RU\TPU\pers\23187 
801 1 |a RU  |b 63413507  |c 20050620  |g PSBO 
801 2 |a RU  |b 63413507  |c 20111006  |g PSBO 
942 |c BK